<La> population des DOM en 1990.
Obyvateľstvo francúzskych zámorských území (DOM): Réunion (598 tis.), Guadeloupe (387 tis.), Martinique (360 tis.) a Guyana (115 tis.) a jeho rast. Silná pôrodnosť, klesá však plodnosť. Migrácia a jej vývoj. Mladá populácia. Demografický vývoj. Vyššia zamestnanosť žien. V r. 1982 bolo o 80 tis. zame...
Guardado en:
| Autor principal: | |
|---|---|
| Formato: | Capítulo de libro |
| Lenguaje: | francés |
| Materias: | |
| Etiquetas: |
Sin Etiquetas, Sea el primero en etiquetar este registro!
|
MARC
| LEADER | 00000naa a2200000 4500 | ||
|---|---|---|---|
| 001 | r007449 | ||
| 005 | 20221125091528.9 | ||
| 041 | 0 | |a fre | |
| 044 | |a FR | ||
| 245 | 1 | 0 | |a <La> population des DOM en 1990. |c Ch. Cueugniet |
| 520 | |a Obyvateľstvo francúzskych zámorských území (DOM): Réunion (598 tis.), Guadeloupe (387 tis.), Martinique (360 tis.) a Guyana (115 tis.) a jeho rast. Silná pôrodnosť, klesá však plodnosť. Migrácia a jej vývoj. Mladá populácia. Demografický vývoj. Vyššia zamestnanosť žien. V r. 1982 bolo o 80 tis. zamestnancov viac. Jeden zamestnanec na 3 nezamestnaných. Zlepšenie bývania a rast bytov. | ||
| 610 | 2 | 0 | |a obyvateľstvo |
| 610 | 2 | 0 | |a krajiny rozvojové |
| 610 | 2 | 0 | |a demografia |
| 610 | 2 | 0 | |a Francúzsko |
| 610 | 2 | 0 | |a populácia |
| 610 | 2 | 0 | |a zamestnanosť |
| 610 | 2 | 0 | |a údaje štatistické |
| 610 | 2 | 0 | |a 1990 |
| 610 | 2 | 0 | |a bývanie |
| 610 | 2 | 0 | |a migrácia |
| 610 | 2 | 0 | |a úroveň životná |
| 100 | 1 | |a Cueugniet, Ch. | |